Catolicismo para dummies / (Record no. 94147)
[ view plain ]
| 000 -LEADER | |
|---|---|
| campo de control de longitud fija | 01382cam a2200385 a 4500 |
| 001 - NÚMERO DE CONTROL | |
| campo de control | 104870 |
| 005 - FECHA Y HORA DE LA ÚLTIMA TRANSACCIÓN | |
| campo de control | 20230410142343.0 |
| 008 - DATOS DE LONGITUD FIJA--INFORMACIÓN GENERAL | |
| campo de control de longitud fija | 070622s2008 njua 001 0 spa d |
| 035 ## - NÚMERO DE CONTROL DEL SISTEMA | |
| Número de control de sistema | 14900977 |
| 010 ## - NÚMERO DE CONTROL DE LA BIBLIOTECA DEL CONGRESO | |
| Número de control de LC | 2007931550 |
| 020 ## - NÚMERO INTERNACIONAL ESTÁNDAR DEL LIBRO | |
| Número Internacional Estándar del Libro | 9780470170496 (pbk.) |
| 020 ## - NÚMERO INTERNACIONAL ESTÁNDAR DEL LIBRO | |
| Número Internacional Estándar del Libro | 0470170492 (pbk.) |
| 035 ## - NÚMERO DE CONTROL DEL SISTEMA | |
| Número de control de sistema | (OCoLC)ocn154670111 |
| 040 ## - FUENTE DE CATALOGACIÓN | |
| Centro catalogador/agencia de origen | BTCTA |
| Centro/agencia transcriptor | BTCTA |
| Centro/agencia modificador | BAKER |
| -- | YDXCP |
| -- | NVC |
| -- | NPL |
| -- | LNQ |
| -- | DLC |
| 041 1# - CÓDIGO DE IDIOMA | |
| Código de lengua del texto/banda sonora o título independiente | spa |
| Código de lengua original | eng |
| 042 ## - CÓDIGO DE AUTENTICACIÓN | |
| Código de autenticación | lccopycat |
| 050 14 - SIGNATURA TOPOGRÁFICA DE LA BIBLIOTECA DEL CONGRESO | |
| Número de clasificación | BX 1754 |
| Número de ítem | T828c 2008 |
| 082 00 - NÚMERO DE LA CLASIFICACIÓN DECIMAL DEWEY | |
| Número de clasificación | 282 |
| 100 1# - ENTRADA PRINCIPAL--NOMBRE DE PERSONA | |
| Nombre de persona | Trigilio, John. |
| 240 10 - TÍTULO UNIFORME | |
| Título uniforme | Catholicism for dummies. |
| Lenguaje de la obra | Spanish |
| 245 10 - MENCIÓN DEL TÍTULO | |
| Título | Catolicismo para dummies / |
| Mención de responsabilidad, etc. | por John Trigilio y Kenneth Brighenti ; traducido por Luis Rafael Rodrìguez-Hernàndez ; prefacio por José H. Gomez. |
| 260 ## - PUBLICACIÓN, DISTRIBUCIÓN, ETC. | |
| Lugar de publicación, distribución, etc. | Hoboken, NJ : |
| Nombre del editor, distribuidor, etc. | Wiley Pub., |
| Fecha de publicación, distribución, etc. | c2008. |
| 300 ## - DESCRIPCIÓN FÍSICA | |
| Extensión | xxiv, 427 p. : |
| Otras características físicas | ill. ; |
| Dimensiones | 24 cm. |
| 490 1# - MENCIÓN DE SERIE | |
| Mención de serie | Para dummies |
| 500 ## - NOTA GENERAL | |
| Nota general | Includes index. |
| 520 ## - RESUMEN, ETC. | |
| Sumario, etc. | A guide to the world's largest Christian denomination summarizes the basic beliefs, practices, rituals, teachings, and traditions of Catholicism. |
| 610 20 - PUNTO DE ACCESO ADICIONAL DE MATERIA--NOMBRE DE ENTIDAD CORPORATIVA | |
| Nombre de entidad corporativa o nombre de jurisdicción como elemento de entrada | Catholic Church |
| Subdivisión general | Doctrines. |
| 650 #0 - PUNTO DE ACCESO ADICIONAL DE MATERIA--TÉRMINO DE MATERIA | |
| Término de materia o nombre geográfico como elemento de entrada | Theology, Doctrinal |
| Subdivisión de forma | Popular works. |
| 650 #4 - PUNTO DE ACCESO ADICIONAL DE MATERIA--TÉRMINO DE MATERIA | |
| Término de materia o nombre geográfico como elemento de entrada | Teología, Doctrinales |
| Subdivisión de forma | Obras populares |
| 610 20 - PUNTO DE ACCESO ADICIONAL DE MATERIA--NOMBRE DE ENTIDAD CORPORATIVA | |
| Nombre de entidad corporativa o nombre de jurisdicción como elemento de entrada | Catholic Church |
| Subdivisión general | Customs and practices. |
| 700 1# - ENTRADA AGREGADA--NOMBRE PERSONAL | |
| Nombre de persona | Brighenti, Kenneth. |
| 830 #0 - PUNTO DE ACCESO ADICIONAL DE SERIE-TÍTULO UNIFORME | |
| Título uniforme | --For dummies. |
| Lenguaje de la obra | Spanish. |
| 942 ## - ELEMENTOS DE ENTRADA SECUNDARIOS (KOHA) | |
| Fuente del sistema de clasificación o colocación | Clasificación de Library of Congress |
| Tipo de ítem Koha | |
| 946 ## - PROCESAMIENTO DE INFORMACIÓN LOCAL (OCLC) | |
| a | JPR |
| Estatus retirado | Estado de pérdida | Fuente del sistema de clasificación o colocación | Estado de daño | No para préstamo | Colección | Biblioteca de origen | Biblioteca actual | Ubicación en estantería | Fecha de adquisición | Serial enumeration / chronology | Signatura topográfica completa | Código de barras | Visto por última vez | Copia número | Tipo de ítem Koha |
|---|---|---|---|---|---|---|---|---|---|---|---|---|---|---|---|
| Clasificación de Library of Congress | Humanidades | Biblioteca Juan Bosch | Biblioteca Juan Bosch | Humanidades (4to. Piso) | 10/04/2023 | 1 | BX 1754 T828c 2008 | 00000097835 | 17/11/2018 | 1 |
